logo

Bir Sreshtho Munshi Abdur Rouf Library
Jhenaidah Cadet College

পাইথন প্রোগ্রামিং ফাউন্ডেশন / (Record no. 11821)

MARC details
000 -LEADER
fixed length control field 00845nam a2200229 a 4500
001 - CONTROL NUMBER
JCCL Control Number 11821
003 - CONTROL NUMBER IDENTIFIER
JCCL marc code BD-JhCC
005 - DATE AND TIME OF LATEST TRANSACTION
control field 20210930134021.0
008 - FIXED-LENGTH DATA ELEMENTS--GENERAL INFORMATION
fixed length control field 201108b20172018bg a|||| | a| 000 0 mul d
020 ## - INTERNATIONAL STANDARD BOOK NUMBER
International Standard Book Number 9847027700671
035 ## - SYSTEM CONTROL NUMBER
system control number (BD-JhCC)11821
040 ## - CATALOGING SOURCE
Original cataloging agency BD-JhCC
Modifying agency BD-JhCC
041 ## - LANGUAGE CODE
Language code of Book mul
082 ## - DEWEY DECIMAL CLASSIFICATION NUMBER
Classification number 004.09
Author mark and Year RAH 2013
100 ## - MAIN ENTRY--PERSONAL NAME
Personal name রহমান, মোহাম্মদ মিজানুর
245 ## - TITLE STATEMENT
Title পাইথন প্রোগ্রামিং ফাউন্ডেশন /
Statement of responsibility, etc মোহাম্মদ মিজানুর রহমান (নয়ন।) ।
260 ## - PUBLICATION, DISTRIBUTION, ETC. (IMPRINT)
Place of publication, distribution, etc ঢাকা:
Name of publisher, distributor, etc জ্ঞানকোষ প্রকাশনী;
Date of publication, distribution, etc ২০১৮.
300 ## - PHYSICAL DESCRIPTION
Pagination 266 p. :
Other physical details ill;
Dimensions 24 cm.
651 ## - SUBJECT ADDED ENTRY--GEOGRAPHIC NAME
Geographic name Computers--Social aspects
General subdivision Computer engineering
Geographic subdivision Computers
942 ## - ADDED ENTRY ELEMENTS (KOHA)
Source of classification or shelving scheme Dewey Decimal Classification
Koha item type Books
Koha issues (borrowed), all copies 2
Holdings
Source of classification or shelving scheme Damaged status Not for loan Home library Current library Shelving location Date of accession Source of acquisition Cost, normal purchase price Total Checkouts Full call number Barcode Checked out Date last seen Date checked out Copy number Koha item type
Dewey Decimal Classification     JCC Rouf Library JCC Rouf Library General Stacks 11/08/2020 Lt. Gen Mahfuzur Rahman (10th intake) 210.00 1 004.09 RAH 2013 16061 11/04/2021 09/29/2021 09/29/2021 C-1 Books

JCC Library | Contacts | JCC Home

Last Update on 23 September 2017
Copyright @ 2017-2020 JCC Rouf Library
Rouf Library, Jhenidah Cadet College (JCC), Bangladesh